Political ideologies : (Record no. 24070)
[ view plain ]
| 000 -LEADER | |
|---|---|
| fixed length control field | 01182nac a22002291u 4500 |
| 008 - FIXED-LENGTH DATA ELEMENTS--GENERAL INFORMATION | |
| fixed length control field | 120103s2006 nju|||||r|||| 001 0 eng d |
| 010 ## - LIBRARY OF CONGRESS CONTROL NUMBER | |
| LC control number | 2005018657 |
| 020 ## - INTERNATIONAL STANDARD BOOK NUMBER | |
| International Standard Book Number | 0131522930 |
| 082 00 - DEWEY DECIMAL CLASSIFICATION NUMBER | |
| Classification number | 320.509 |
| Item number | BAR |
| Edition number | 22 |
| 100 ## - MAIN ENTRY--PERSONAL NAME | |
| Personal name | Baradat, Leon P., |
| 9 (RLIN) | 28264 |
| 245 10 - TITLE STATEMENT | |
| Title | Political ideologies : |
| Remainder of title | their origins and impact / |
| Statement of responsibility, etc | Leon P. Baradat. |
| 250 ## - EDITION STATEMENT | |
| Edition statement | 9th ed. |
| 260 ## - PUBLICATION, DISTRIBUTION, ETC. (IMPRINT) | |
| Place of publication, distribution, etc | Upper Saddle River, N.J. : |
| Name of publisher, distributor, etc | Prentice-Hall,2006 |
| Date of publication, distribution, etc | 2006. |
| 300 ## - PHYSICAL DESCRIPTION | |
| Extent | xiv, 322 p. : |
| Other physical details | ill. ; |
| Dimensions | 23 cm. |
| 504 ## - BIBLIOGRAPHY, ETC. NOTE | |
| Bibliography, etc | Includes bibliographical references and index. |
| 505 0# - FORMATTED CONTENTS NOTE | |
| Formatted contents note | Ideology -- The spectrum of political attitudes -- Nationalism -- The evolution of democratic theory -- Liberal democracy, capitalism, and beyond -- The liberal democratic process -- Anarchism -- Socialist theory -- Applied socialism -- Fascism and national socialism -- Ideologies in the developing world -- Feminism and ecologism/environmentalism. |
| 650 #0 - SUBJECT ADDED ENTRY--TOPICAL TERM | |
| Topical term or geographic name as entry element | Political science |
| General subdivision | History |
| Form subdivision | Textbooks. |
| 9 (RLIN) | 28265 |
| Source of heading or term | BUEsh |
| 650 #0 - SUBJECT ADDED ENTRY--TOPICAL TERM | |
| Topical term or geographic name as entry element | Ideology |
| General subdivision | History |
| Form subdivision | Textbooks. |
| 9 (RLIN) | 28266 |
| Source of heading or term | BUEsh |
| 651 ## - SUBJECT ADDED ENTRY--GEOGRAPHIC NAME | |
| Source of heading or term | BUEsh |
| 856 41 - ELECTRONIC LOCATION AND ACCESS | |
| Materials specified | Table of contents |
| Uniform Resource Identifier | <a href="http://www.loc.gov/catdir/toc/ecip0515/2005018657.html">http://www.loc.gov/catdir/toc/ecip0515/2005018657.html</a> |
| 942 ## - ADDED ENTRY ELEMENTS (KOHA) | |
| Item type | NB - Book (Non borrowing) |
| Call number prefix | 320.509B223 |
| Source of classification or shelving scheme | Dewey Decimal Classification |
| Withdrawn status | Item status | Damaged status | Not for loan | Home library | Current library | Shelving location | Date acquired | Source of acquisition | Total Checkouts | Full call number | Barcode | Date last seen | Date last borrowed | Koha item type | Total Renewals |
|---|---|---|---|---|---|---|---|---|---|---|---|---|---|---|---|
| Central Library | Central Library | First floor | 07/10/2016 | Purchase | 18 | 320.509 BAR | 000006201 | 15/07/2025 | 02/03/2014 | NB - Book (Non borrowing) | |||||
| Central Library | Central Library | First floor | 07/10/2016 | Purchase | 28 | 320.509 BAR | 000006174 | 15/07/2025 | 25/09/2024 | Book - Borrowing | 41 |